Djilsi - Quiz sur le youtubeur - Statistics

General Stats
  • This quiz has been taken 4 times
  • The average score is 6 of 15
Answer Stats
Hint Answer % Correct
Quelle est son année de naissance ? 1998
75%
Quelle est l'année de création de sa chaine youtube ? 2015
75%
En quelle année a-t-il dépassé les 500K d'abonnés ? 2020
75%
En quelle année a-t-il dépassé les 1M d'abonnés ? 2022
75%
Quelle est sa catégorie Youtube ? Divertissement
75%
Quelle est sa nationalité ? Française
75%
En quelle année a-t-il rejoint la RedBox ? 2018
50%
En quelle année a-t-il quitté la RedBox ? 2023
50%
Quelle est sa taille approximative ? 1m75
25%
Quel est le nom de son groupe d'ami créateurs ? RedBox
25%
Sa vidéo la plus populaire actuellement ? (10M vues) Roi du silence 2
25%
Quel est son ancien pseudo ? DjilsiTV
0%
Quel est le vrai prénom de Djilsi ? Dylan
0%
Quel est le vrai nom de famille de Djilsi ? Jilsi
0%
Dans quelle ville a-t-il grandit ? Lyon
0%
No matching quizzes found
Score Distribution
Percent of People with Each Score
Percentile by Number Answered
Your Score History
You have not taken this quiz